<?xml version="1.0" encoding="UTF-8"?>
<record
    xmlns:xsi="http://www.w3.org/2001/XMLSchema-instance"
    xsi:schemaLocation="http://www.loc.gov/MARC21/slim http://www.loc.gov/standards/marcxml/schema/MARC21slim.xsd"
    xmlns="http://www.loc.gov/MARC21/slim">

  <leader>00600nam a22001577a 4500</leader>
  <controlfield tag="003">OSt</controlfield>
  <controlfield tag="005">20160823091945.0</controlfield>
  <controlfield tag="008">160822b        xxu||||| |||| 00| 0 eng d</controlfield>
  <datafield tag="040" ind1=" " ind2=" ">
    <subfield code="c">RUA</subfield>
  </datafield>
  <datafield tag="082" ind1=" " ind2=" ">
    <subfield code="a">AGI LOR 2015 B512 Or.1</subfield>
  </datafield>
  <datafield tag="100" ind1=" " ind2=" ">
    <subfield code="9">9344</subfield>
    <subfield code="a">LORN CHAMRAEUN; &#x179B;&#x1793; &#x1785;&#x17C6;&#x179A;&#x17BE;&#x1793;</subfield>
  </datafield>
  <datafield tag="245" ind1=" " ind2=" ">
    <subfield code="a">Composition analysis of macronutrition and micronutrition in fish and other aquatic animal species. &#x1780;&#x17B6;&#x179A;&#x1789;&#x17C2;&#x1780;&#x1781;&#x17C3;&#x178F;&#x17BC;&#x179F;&#x17B6;&#x1793;&#x1796;&#x17B8;&#x179F;&#x1798;&#x17D2;&#x1794;&#x1780;&#x1794;&#x1784;&#x17D2;&#x1782;&#x17B6;&#x178A;&#x17C4;&#x1799;&#x179F;&#x17B6;&#x179A;&#x1792;&#x17B6;&#x178F;&#x17BB;&#x1782;&#x17B8;&#x1798;&#x17B8;</subfield>
  </datafield>
  <datafield tag="260" ind1=" " ind2=" ">
    <subfield code="a">RUA</subfield>
    <subfield code="b">LOR</subfield>
    <subfield code="c">2015</subfield>
  </datafield>
  <datafield tag="300" ind1=" " ind2=" ">
    <subfield code="a">viii.34p.</subfield>
    <subfield code="b">ill.</subfield>
    <subfield code="c">29cm.</subfield>
  </datafield>
  <datafield tag="942" ind1=" " ind2=" ">
    <subfield code="2">ddc</subfield>
    <subfield code="c">AGI</subfield>
  </datafield>
  <datafield tag="999" ind1=" " ind2=" ">
    <subfield code="c">8997</subfield>
    <subfield code="d">8997</subfield>
  </datafield>
  <datafield tag="952" ind1=" " ind2=" ">
    <subfield code="0">0</subfield>
    <subfield code="1">0</subfield>
    <subfield code="2">ddc</subfield>
    <subfield code="4">0</subfield>
    <subfield code="6">AGI_LOR_2015_000000000000000_B512_OR_1</subfield>
    <subfield code="7">0</subfield>
    <subfield code="9">50439</subfield>
    <subfield code="a">LBB</subfield>
    <subfield code="b">LBB</subfield>
    <subfield code="c">B512</subfield>
    <subfield code="d">2016-08-22</subfield>
    <subfield code="o">AGI LOR 2015 B512 Or.1</subfield>
    <subfield code="p">RUA060626</subfield>
    <subfield code="r">2016-08-22</subfield>
    <subfield code="w">2016-08-22</subfield>
    <subfield code="y">AGI</subfield>
  </datafield>
  <datafield tag="952" ind1=" " ind2=" ">
    <subfield code="0">0</subfield>
    <subfield code="1">0</subfield>
    <subfield code="2">ddc</subfield>
    <subfield code="4">0</subfield>
    <subfield code="6">AGI_LOR_2015_000000000000000_B512_OR_2</subfield>
    <subfield code="7">0</subfield>
    <subfield code="9">50440</subfield>
    <subfield code="a">LBB</subfield>
    <subfield code="b">LBB</subfield>
    <subfield code="c">B512</subfield>
    <subfield code="d">2016-08-22</subfield>
    <subfield code="l">1</subfield>
    <subfield code="o">AGI LOR 2015 B512 Or.2</subfield>
    <subfield code="p">RUA060712</subfield>
    <subfield code="r">2018-06-19</subfield>
    <subfield code="s">2018-06-04</subfield>
    <subfield code="w">2016-08-22</subfield>
    <subfield code="y">AGI</subfield>
  </datafield>
  <datafield tag="952" ind1=" " ind2=" ">
    <subfield code="0">0</subfield>
    <subfield code="1">0</subfield>
    <subfield code="2">ddc</subfield>
    <subfield code="4">0</subfield>
    <subfield code="6">AGI_LOR_2015_000000000000000_B512_OR_3</subfield>
    <subfield code="7">0</subfield>
    <subfield code="9">50441</subfield>
    <subfield code="a">LBB</subfield>
    <subfield code="b">LBB</subfield>
    <subfield code="c">B512</subfield>
    <subfield code="d">2016-08-22</subfield>
    <subfield code="o">AGI LOR 2015 B512 Or.3</subfield>
    <subfield code="p">RUA061261</subfield>
    <subfield code="r">2016-08-22</subfield>
    <subfield code="w">2016-08-22</subfield>
    <subfield code="y">AGI</subfield>
  </datafield>
  <datafield tag="952" ind1=" " ind2=" ">
    <subfield code="0">0</subfield>
    <subfield code="1">0</subfield>
    <subfield code="2">ddc</subfield>
    <subfield code="4">0</subfield>
    <subfield code="6">AGI_LOR_2015_000000000000000_B512_OR_4</subfield>
    <subfield code="7">0</subfield>
    <subfield code="9">50442</subfield>
    <subfield code="a">LBB</subfield>
    <subfield code="b">LBB</subfield>
    <subfield code="c">B512</subfield>
    <subfield code="d">2016-08-22</subfield>
    <subfield code="l">1</subfield>
    <subfield code="o">AGI LOR 2015 B512 Or.4</subfield>
    <subfield code="p">RUA061289</subfield>
    <subfield code="r">2026-01-26</subfield>
    <subfield code="s">2025-12-19</subfield>
    <subfield code="w">2016-08-22</subfield>
    <subfield code="y">AGI</subfield>
  </datafield>
  <datafield tag="952" ind1=" " ind2=" ">
    <subfield code="0">0</subfield>
    <subfield code="1">0</subfield>
    <subfield code="2">ddc</subfield>
    <subfield code="4">0</subfield>
    <subfield code="6">AGI_LOR_2015_000000000000000_B512_OR_5</subfield>
    <subfield code="7">0</subfield>
    <subfield code="9">50443</subfield>
    <subfield code="a">LBB</subfield>
    <subfield code="b">LBB</subfield>
    <subfield code="c">B512</subfield>
    <subfield code="d">2016-08-22</subfield>
    <subfield code="o">AGI LOR 2015 B512 Or.5</subfield>
    <subfield code="p">RUA060091</subfield>
    <subfield code="r">2016-08-22</subfield>
    <subfield code="w">2016-08-22</subfield>
    <subfield code="y">AGI</subfield>
  </datafield>
  <datafield tag="952" ind1=" " ind2=" ">
    <subfield code="0">0</subfield>
    <subfield code="1">0</subfield>
    <subfield code="2">ddc</subfield>
    <subfield code="4">0</subfield>
    <subfield code="6">AGI_LOR_2015_000000000000000_B512_OR_6</subfield>
    <subfield code="7">0</subfield>
    <subfield code="9">50444</subfield>
    <subfield code="a">LBB</subfield>
    <subfield code="b">LBB</subfield>
    <subfield code="c">B512</subfield>
    <subfield code="d">2016-08-22</subfield>
    <subfield code="l">1</subfield>
    <subfield code="o">AGI LOR 2015 B512 Or.6</subfield>
    <subfield code="p">RUA055871</subfield>
    <subfield code="r">2019-04-02</subfield>
    <subfield code="s">2019-03-27</subfield>
    <subfield code="w">2016-08-22</subfield>
    <subfield code="y">AGI</subfield>
  </datafield>
  <datafield tag="952" ind1=" " ind2=" ">
    <subfield code="0">0</subfield>
    <subfield code="1">0</subfield>
    <subfield code="2">ddc</subfield>
    <subfield code="4">0</subfield>
    <subfield code="6">AGI_LOR_2015_000000000000000_B512_OR_7</subfield>
    <subfield code="7">0</subfield>
    <subfield code="9">50445</subfield>
    <subfield code="a">LBB</subfield>
    <subfield code="b">LBB</subfield>
    <subfield code="c">B512</subfield>
    <subfield code="d">2016-08-22</subfield>
    <subfield code="o">AGI LOR 2015 B512 Or.7</subfield>
    <subfield code="p">RUA060806</subfield>
    <subfield code="r">2016-08-22</subfield>
    <subfield code="w">2016-08-22</subfield>
    <subfield code="y">AGI</subfield>
  </datafield>
  <datafield tag="952" ind1=" " ind2=" ">
    <subfield code="0">0</subfield>
    <subfield code="1">0</subfield>
    <subfield code="2">ddc</subfield>
    <subfield code="4">0</subfield>
    <subfield code="6">AGI_LOR_2015_000000000000000_B512_OR_8</subfield>
    <subfield code="7">0</subfield>
    <subfield code="9">50446</subfield>
    <subfield code="a">LBB</subfield>
    <subfield code="b">LBB</subfield>
    <subfield code="c">B512</subfield>
    <subfield code="d">2016-08-22</subfield>
    <subfield code="o">AGI LOR 2015 B512 Or.8</subfield>
    <subfield code="p">RUA061175</subfield>
    <subfield code="r">2016-08-22</subfield>
    <subfield code="w">2016-08-22</subfield>
    <subfield code="y">AGI</subfield>
  </datafield>
  <datafield tag="952" ind1=" " ind2=" ">
    <subfield code="0">0</subfield>
    <subfield code="1">0</subfield>
    <subfield code="2">ddc</subfield>
    <subfield code="4">0</subfield>
    <subfield code="6">AGI_LOR_2015_000000000000000_B512_OR_9</subfield>
    <subfield code="7">0</subfield>
    <subfield code="9">50447</subfield>
    <subfield code="a">LBB</subfield>
    <subfield code="b">LBB</subfield>
    <subfield code="d">2016-08-22</subfield>
    <subfield code="o">AGI LOR 2015 B512 Or.9</subfield>
    <subfield code="p">RUA060551</subfield>
    <subfield code="r">2016-08-22</subfield>
    <subfield code="w">2016-08-22</subfield>
    <subfield code="y">AGI</subfield>
  </datafield>
  <datafield tag="952" ind1=" " ind2=" ">
    <subfield code="0">0</subfield>
    <subfield code="1">0</subfield>
    <subfield code="2">ddc</subfield>
    <subfield code="4">0</subfield>
    <subfield code="6">AGI_LOR_2015_000000000000000_B512_OR_10</subfield>
    <subfield code="7">0</subfield>
    <subfield code="9">50448</subfield>
    <subfield code="a">LBB</subfield>
    <subfield code="b">LBB</subfield>
    <subfield code="d">2016-08-22</subfield>
    <subfield code="o">AGI LOR 2015 B512 Or.10</subfield>
    <subfield code="p">RUA061072</subfield>
    <subfield code="r">2016-08-22</subfield>
    <subfield code="w">2016-08-22</subfield>
    <subfield code="y">AGI</subfield>
  </datafield>
</record>
